स्पंदनांSाी किमया (Record no. 324285)

MARC details
000 -LEADER
fixed length control field 00657nam a2200169Ia 4500
008 - FIXED-LENGTH DATA ELEMENTS--GENERAL INFORMATION
fixed length control field 090711s9999 xx 000 0 und d
082 ## - DEWEY DECIMAL CLASSIFICATION NUMBER
Item number 791
100 ## - MAIN ENTRY--PERSONAL NAME
Personal name कोल्हटकर उषादेवी वि.
245 ## - TITLE STATEMENT
Title स्पंदनांSाी किमया
260 ## - PUBLICATION, DISTRIBUTION, ETC. (IMPRINT)
Name of publisher, distributor, etc कॉन्टीनेन्टल प्रकाशन
Date of publication, distribution, etc 1997
300 ## - PHYSICAL DESCRIPTION
Extent 120
600 ## - SUBJECT ADDED ENTRY--PERSONAL NAME
Personal name कोल्हटकर उषादेवी वि.
630 ## - SUBJECT ADDED ENTRY--UNIFORM TITLE
Uniform title स्पंदनांSाी किमया
700 ## - ADDED ENTRY--PERSONAL NAME
Personal name कोल्हटकर उषादेवी वि.
730 ## - ADDED ENTRY--UNIFORM TITLE
Uniform title स्पंदनांSाी किमया
942 ## - ADDED ENTRY ELEMENTS (KOHA)
Koha item type Book

No items available.